Statistics for Capital Cities Closest to the Equator

Click here to take the quiz!

General Stats

  • This quiz has been taken 6,874 times
    (6,555 since last reset)
  • The average score is 10 of 20

Answer Stats

LatitudeCapital City% Correct
0°15′SQuito
89%
4°36′NBogotá
79%
1°17′SNairobi
77%
4°20′SKinshasa
76%
1°17′NSingapore
67%
3°09′N Kuala Lumpur
65%
4°16′S Brazzaville
61%
0°19′NKampala
56%
2°02′NMogadishu
52%
0°23′NLibreville
47%
1°57′SKigali
47%
4°11′N Malé
44%
3°52′NYaoundé
42%
0°20′N São Tomé
41%
3°45′NMalabo
36%
4°22′NBangui
36%
4°37′SVictoria
29%
3°26′SGitega
25%
1°26′NSouth Tarawa
22%
0°33′SYaren
20%

Score Distribution

Percentile by Number Answered

Percent of People with Each Score

Your Score History

You have not taken this quiz since the last reset